00325nam a2200133Ia 45000030006000000080041000060400015000471000037000622450044000992500010001432600009001535460012001620050017001740STCL150530s9999 xx 000 0 und d aSTCLcSTCL aBourne, G.H.; Danielli, J.F.; Ed aInternational review of cytology vol- I aFirst c1952 aEnglish20220125170437.0